American library directory : 2007-2008.
Αποθηκεύτηκε σε:
| Μορφή: | Βιβλίο |
|---|---|
| Γλώσσα: | English |
| Δημοσίευση: |
Medford, NJ :
Information Today,
c2007.
|
| Έκδοση: | 60th ed. |
| Θέματα: | |
| Ετικέτες: |
Προσθήκη ετικέτας
Δεν υπάρχουν, Καταχωρήστε ετικέτα πρώτοι!
|
MARC
| LEADER | 00000cam a2200000 i 4500 | ||
|---|---|---|---|
| 001 | 1/1685 | ||
| 008 | 090923s2007 nju| ||| |||| ||eng|| | ||
| 020 | |a 1573872881 |q (set) | ||
| 020 | |a 1573872865 |q (τ. 1) | ||
| 020 | |a 1573872873 |q (τ. 2) | ||
| 020 | |a 9781573872881 |q (set) | ||
| 020 | |a 9781573872867 |q (τ. 1) | ||
| 020 | |a 9781573872874 |q (τ. 2) | ||
| 035 | |l 10105690 | ||
| 040 | |a GR-MyUa |b gre |e AACR2 | ||
| 041 | 0 | |a eng | |
| 082 | 7 | |a 021.002573 |2 (22) | |
| 245 | 0 | 0 | |a American library directory : |b 2007-2008. |
| 250 | |a 60th ed. | ||
| 260 | |a Medford, NJ : |b Information Today, |c c2007. | ||
| 300 | |a 2 τ. ; |c 29 εκ. | ||
| 500 | |a Περιέχει ευρετήρια. | ||
| 505 | 8 | |a Τ. 1. Alabama-Rhode Island -- τ. 2. South Carolina-Wyoming & Territories libraries in Canada library networks, consortia & schools organization index personnel index. | |
| 650 | 0 | 0 | |a Libraries |x Directories. |
| 650 | 0 | 0 | |a Libraries |z United States |x Directories. |
| 650 | 0 | 0 | |a Libraries |z Canada |x Directories. |
| 852 | |a INST |b LEMNOS |e 20090923 |h 021.002573 AME |p 005600000136 |q 005600000136 |t BK |y 0 |z τ.1 | ||
| 852 | |a INST |b LEMNOS |e 20090923 |h 021.002573 AME |p 005600000137 |q 005600000137 |t BK |y 0 |z τ.2 | ||
| 852 | |a INST |b LEMNOS |e 20090923 |h 021.002573 AME |p 005600000136 |q 005600000136 |t BK |v τ.1: |y 0 |z τ.1 | ||
| 852 | |a INST |b LEMNOS |e 20090923 |h 021.002573 AME |p 005600000137 |q 005600000137 |t BK |v τ.2: |y 0 |z τ.2 | ||
| 853 | |a INST |b LEMNOS |h 021.002573 AME | ||
| 901 | |a BIBL6-2009-3 | ||
| 922 | |a 6ΕΛΗ |b 200803 |c ΕΠΕΑΕΚ2/ΚΥΒ |d ΕΛΕΥΘΕΡΟΥΔΑΚΗΣ | ||
| 970 | |a ΠΑΝΤΑΖΗ |b ΑΝΤΩΝΙΑ |z 2009/09/23 | ||